Personnalités au patronyme animalier - Statistiques

Statistiques générales
  • Ce quiz a été pris 58 fois
  • Le résultat moyen est 6 sur 12
Statistiques - réponses
Par images Hint Réponse % Correct
Acteur Didier Bourdon
87%
Joueuse de football Wendie Renard
74%
Chanteur Serge Lama
68%
Actrice et mannequin Brigitte Bardot
66%
Joueur de football Frank Leboeuf
62%
Mannequin Camille Cerf
60%
Entraîneur de football Hervé Renard
60%
Roi d'Angleterre Richard Cœur de Lion
45%
Joueur de football Bernard Lama
43%
Dramaturge et poète Pierre Corneille
43%
Inventeur d'un langage Samuel Morse
34%
Ecrivain Robert Merle
4%
Aucun quiz correspondant
Distribution des résultats
% des personnes avec chaque résultat
Percentile par nombre de réponses
Votre historique - résultats
Vous n’avez pas pris ce quiz